LEADER 01406nam a2200313 u 4500 001 000000090934 003 CaOOAMICUS 005 20070226124757.0 008 051010s2005 fr u000 u fre u 020 $a2-7116-1735-1 035 $a11073961 040 $aPUL$bita 100 1 $aGrellard, Christophe,$d1973-$0(OLS)http://pul/name/44735 245 10$aCroire et savoir :$bles principes de la connaissance selon Nicolas d'Autrécourt /$cChristophe Grellard. 260 $aParis :$bVrin,$cc2005. 300 $a313 p. : ;$c24 cm 490 1 $aEtudes de philosophie médiévale ;$v88 500 $aIndici: p. [305]-309. 504 $aBibliogr.: [291]-298. 600 14$aNicolas de Autricuria,$dc. 1300-c. 1350.$0(OLS)http://pul/subject/29534 650 4$aFilosofia medievale.$0(OLS)http://pul/subject/139 830 0$aEtudes de philosophie médiévale,$x0249-7921 ;$v88.$0(OLS)http://pul/title/1367 850 $aPUL 852 $aPUL$W1$xSL Filosofia 2$y80$mPhil A4 88$j114656$nBK-PRI$b $qStampati altre collocazioni$B114656$CPULBib$Z2$F114656 $HPUL99705 $81 941 1 $a10 960 $aFilosofia medioevale$9139 996 $6020$a2-7116-1735-1$9(OLS)http://pul/number/119165 996 $6245$aCroire et savoir :$bles principes de la connaissance selon Nicolas d'Autrécourt$9(OLS)http://pul/title/117417 996 $6260$aParis :$bVrin$9(OLS)http://pul/publisher/50780 LEADER 01234nam a2200313 a 4500 001 000000166770 003 CaOOAMICUS 005 20220705173256.0 008 180319s1991 it u000 u ita r 020 $a88-07-10152-1* 032 $aLibriCat 040 $aPUL$bita 041 1 $aita$heng 130 4 $aThe multiple self.$lItaliano.$0(OLS)http://pul/title/206527 245 12$aL'io multiplo /$ca cura di Jon Elster ; testi di George Ainslie ... [et al.]. 260 $aMilano :$bFeltrinelli,$c1991. 300 $a281 p. ;$c22 cm. 490 1 $aCampi del sapere 650 4$aUomo (filosofia).$0(OLS)http://pul/subject/436 700 1 $aAinslie, George.$0(OLS)http://pul/name/107570 700 1 $aElster, Jon.$0(OLS)http://pul/name/43468 830 0$aCampi del sapere (Feltrinelli).$0(OLS)http://pul/title/20268 850 $aPUL 852 $aPUL$W1$xDP1 Fondo Dalla Palma$y117$m1 B 4$j12339$qFondi$B194219$CPULBib$Z2$F194219 $HDal2897 $81 941 1 $a1 996 $6020$a88-07-10152-1*$9(OLS)http://pul/number/163732 996 $6245$aL'io multiplo$9(OLS)http://pul/title/206528 996 $6260$aMilano :$bFeltrinelli$9(OLS)http://pul/publisher/48846